[Event "5th CNE NED-ch Rapid 2019"]
[Site "Amstelveen"]
[Date "2019.12.01"]
[Round "5.2"]
[White "Smeets, Jan"]
[Black "Van den Doel, Erik"]
[Result "1/2-1/2"]
[WhiteElo "2596"]
[BlackElo "2598"]
[Annotator "TA"]
[PlyCount "90"]
[EventDate "2019.11.30"]
[EventType "tourn"]
[EventCountry "NED"]
[SourceTitle "playchess.com"]
[Source "ChessBase"]
[SourceQuality "1"]

{[%evp 16,90,14,10,31,42,23,27,35,27,33,33,38,37,21,23,41,27,41,18,22,32,31,29,30,25,49,45,62,49,69,50,70,76,64,61,68,68,64,63,58,51,72,47,66,42,49,0,0,11,12,8,11,0,8,0,0,0,0,0,8,0,0,0,0,0,0,0,0,0,0,0,0,0,0,0,0]} 1. e4 e5 2. Nf3 Nc6 3. Bb5 a6 4. Ba4 Nf6 5. O-O Be7 6. Re1 b5 7. Bb3 O-O 8. d3 d6 9. a3 Bg4 {C88: Closed Ruy Lopez: Anti-Marshall Systems} (9... Na5 10. Ba2 c5 11. Nc3 Nc6 12. h3 h6 13. Nd5 Re8 14. Nxf6+ Bxf6 15. Bd5 Bd7 16. c3 Rc8 17. b4 {1-0 (55) Shankland,S (2705)-Ding,L (2811) chess.com INT 2019}) 10. c3 d5 11. h3 Bh5 {White has an edge.} 12. Nbd2 dxe4 13. dxe4 Qd6 $146 ({Predecessor:} 13... Na5 14. Bc2 Nd7 15. Qe2 c5 16. Nf1 c4 17. Ne3 {1-0 (60) Loskutov,O (2463)-Ubiennykh,E (2272) Berdsk 2010}) 14. Qe2 Na5 15. Bc2 c5 16. Nf1 c4 17. Ng3 Bxf3 18. Qxf3 g6 19. Nf1 Qe6 20. Bg5 Nh5 21. Bh6 Rfd8 22. Ne3 Rd2 23. Red1 Rad8 24. Rxd2 Rxd2 25. a4 b4 26. Rd1 Rxd1+ 27. Bxd1 bxc3 28. bxc3 Bf8 29. Bxf8 Kxf8 30. Nd5 Qd6 31. Qe3 Nf4 {The position is equal.} 32. Bf3 Nxd5 33. exd5 Nb3 34. Qe2 Qc7 35. g4 Ke7 36. Qe3 {aiming for Qg5+.} Kd6 37. Qh6 Qe7 38. Qxh7 e4 39. Be2 {Black must now prevent Qh8.} Nc1 40. Bxc4 {[#] Threatens to win with Qh8.} e3 $1 {[%cal Re3e2] ( -> ...e2)} 41. Qh8 {And now Kf1 would win.} e2 42. Qb8+ Qc7 43. Qf8+ Qe7 44. Qb8+ Qc7 45. Qf8+ Qe7 {Accuracy: White = 74%, Black = 77%.} 1/2-1/2

[Event "5th CNE NED-ch Rapid 2019"]
[Site "Amstelveen"]
[Date "2019.12.01"]
[Round "5.3"]
[White "Pruijssers, Roeland"]
[Black "Van Wely, Loek"]
[Result "1/2-1/2"]
[WhiteElo "2557"]
[BlackElo "2610"]
[Annotator "TA"]
[PlyCount "89"]
[EventDate "2019.11.30"]
[EventType "tourn"]
[EventCountry "NED"]
[SourceTitle "playchess.com"]
[Source "ChessBase"]
[SourceQuality "1"]

{[%evp 28,89,0,-8,15,-20,-25,-75,0,0,0,0,12,13,0,0,0,0,0,-8,-8,-8,0,-70,-10,-10,-10,-10,-10,-10,0,0,0,-33,-35,-182,-180,-180,-48,-180,131,135,129,130,250,250,250,250,335,250,250,250,250,250,250,250,229,228,224,0,187,0,139,0]} 1. e4 c5 2. Nf3 d6 3. d4 cxd4 4. Nxd4 Nf6 5. Nc3 a6 6. Bg5 e6 7. f4 Nbd7 8. Qf3 Qc7 9. O-O-O Be7 10. g4 b5 11. Bxf6 Nxf6 12. g5 Nd7 13. h4 b4 14. Nce2 Bb7 15. Ng3 g6 {B99: Sicilian Najdorf: 6 Bg5 e6 7 f4 Be7 8 Qf3 Qc7 9 0-0-0 Nbd7} 16. h5 {hxg6 is the strong threat.} O-O-O 17. Bh3 Kb8 $146 (17... Nc5 $1 $17) ({Predecessor:} 17... Nc5 18. Qe3 Kb8 19. Nb3 a5 20. Kb1 d5 21. f5 Nxb3 22. axb3 Bc5 23. Qe1 exf5 24. exf5 Rhe8 25. Ne2 Ba6 26. Bg4 gxf5 27. Bf3 Re3 28. Qf2 Rxe2 {0-1 (28) Mista,A (2559)-Swiercz,D (2478) Warsaw 2008}) 18. Bxe6 fxe6 19. Nxe6 Qc4 20. Nxd8 Rxd8 21. hxg6 hxg6 22. Rh7 Re8 23. Qb3 Qxb3 $1 $40 {[%mdl 128] Black is up to no good.} 24. axb3 Nc5 25. Rg7 (25. Re1 $11) 25... Nxe4 (25... Ne6 $1 $15 26. Rxg6 Nxf4) 26. Re1 $11 Nxg3 27. Rgxe7 Rxe7 28. Rxe7 Be4 29. Rd7 Nf5 30. c3 Bd5 31. cxb4 ({White should play} 31. Kc2 $15) 31... Be6 $1 $19 {[%cal Re6d7]} ({Stronger than} 31... Bxb3 32. Kd2 $11) 32. Rh7 d5 ({Worse is} 32... Bxb3 33. Kd2 $11) (32... Nd4 $1 $19 33. Kd2 Bf5) 33. Kd2 (33. Rh3 $1 $15) 33... d4 $2 (33... Nd4 $1 $19 34. Kc3 Ne2+ 35. Kd3 Nxf4+ 36. Kd4 Bf5) 34. Kd3 $16 Bxb3 {[#]} 35. Rh6 $1 {[%cal Rh6g6][%mdl 512]} Ne7 (35... Kc7 $16 {was necessary.}) (35... Nxh6 36. gxh6) 36. Kxd4 $18 Kc7 37. Kc5 Kd7 38. Rh3 Ba4 39. Rd3+ Ke8 40. Rd6 Bb5 {[#]} 41. Rf6 $1 Bd3 42. Kd4 Bb5 43. Kc5 Bd3 $1 44. Rd6 Bb5 {[#]} 45. Rf6 {Accuracy: White = 47%, Black = 40%.} (45. f5 $1 $16 {[%cal Rf5g6]} Nxf5 46. Rxg6) 1/2-1/2

[Event "5th CNE NED-ch Rapid 2019"]
[Site "Amstelveen"]
[Date "2019.12.01"]
[Round "5.4"]
[White "Ernst, Sipke"]
[Black "Timman, Jan H"]
[Result "1/2-1/2"]
[WhiteElo "2553"]
[BlackElo "2528"]
[Annotator "ChessBase"]
[PlyCount "141"]
[EventDate "2019.11.30"]
[EventType "tourn"]
[EventCountry "NED"]
[SourceTitle "playchess.com"]
[Source "ChessBase"]
[SourceQuality "1"]
[TimeControl "900+10"]

1. d4 {[%emt 0:00:00]} Nf6 {[%emt 0:00:00]} 2. c4 {[%emt 0:00:00]} e6 {[%emt 0:00:00]} 3. g3 {[%emt 0:00:00]} c5 {[%emt 0:00:17]} 4. Nf3 {[%emt 0:00:00]} cxd4 {[%emt 0:00:04]} 5. Nxd4 {[%emt 0:00:00]} d5 {[%emt 0:00:08]} 6. Bg2 {[%emt 0:00:01]} e5 {[%emt 0:00:02]} 7. Nf3 {[%emt 0:00:01]} d4 {[%emt 0:00:05]} 8. O-O {[%emt 0:00:01]} Nc6 {[%emt 0:00:01]} 9. e3 {[%emt 0:00:01]} Be6 {[%emt 0:00:07]} 10. exd4 {[%emt 0:00:03]} exd4 {[%emt 0:00:02]} 11. Re1 {[%emt 0:00:31]} Bb4 {[%emt 0:00:47]} 12. Bd2 {[%emt 0:00:23]} Bxd2 {[%emt 0:00:33]} 13. Nbxd2 {[%emt 0:00:07]} O-O {[%emt 0:00:03]} 14. Ne5 {[%emt 0:01:00]} Qb6 {[%emt 0:00:46]} 15. Qb3 {[%emt 0:01:08]} Qc7 {[%emt 0:00:52]} 16. Nxc6 {[%emt 0:03:47]} bxc6 {[%emt 0:00:02]} 17. Qa3 {[%emt 0:00:00]} Rad8 {[%emt 0:00:40]} 18. Qc5 {[%emt 0:00:24]} Rd6 {[%emt 0:00:44]} 19. b4 {[%emt 0:00:39]} Nd7 {[%emt 0:02:15]} 20. Qh5 {[%emt 0:00:24]} Nf6 {[%emt 0:00:48]} 21. Qc5 {[%emt 0:01:24]} Nd7 {[%emt 0:00:06]} 22. Qh5 {[%emt 0:01:17]} Nf6 {[%emt 0:00:03]} 23. Qe5 {[%emt 0:00:09]} Rd7 {[%emt 0:00:58]} 24. Qc5 {[%emt 0:00:13]} Rc8 {[%emt 0:00:21]} 25. a4 {[%emt 0:00:45]} h6 {[%emt 0:00:39]} 26. a5 {[%emt 0:00:26]} Rdd8 {[%emt 0:00:57]} 27. Rad1 {[%emt 0:01:26]} Nd7 {[%emt 0:01:21]} 28. Qe7 {[%emt 0:01:24]} Re8 {[%emt 0:00:23]} 29. Qh4 {[%emt 0:00:02]} c5 {[%emt 0:00:25]} 30. b5 {[%emt 0:00:46]} Qxa5 {[%emt 0:00:02]} 31. Bc6 {[%emt 0:00:04]} Qd8 {[%emt 0:00:36]} 32. Qf4 {[%emt 0:01:20]} Qc7 {[%emt 0:00:06]} 33. Qxc7 {[%emt 0:00:21]} Rxc7 {[%emt 0:00:02]} 34. Ne4 {[%emt 0:00:08]} Rd8 {[%emt 0:00:12]} 35. Nd6 {[%emt 0:00:19]} Nb8 {[%emt 0:00:59]} 36. Nb7 {[%emt 0:00:06]} Nxc6 {[%emt 0:00:23]} 37. bxc6 {[%emt 0:00:01]} Rdc8 {[%emt 0:00:18]} 38. Nxc5 {[%emt 0:00:01]} Bxc4 {[%emt 0:00:05]} 39. Rxd4 {[%emt 0:00:09]} Bb5 {[%emt 0:00:47]} 40. Ne4 {[%emt 0:01:00]} Bxc6 {[%emt 0:00:05]} 41. Nd6 {[%emt 0:00:03]} Rb8 {[%emt 0:00:22]} 42. Rc4 {[%emt 0:00:07]} Re7 {[%emt 0:00:07]} 43. Rec1 {[%emt 0:00:06]} Bd5 {[%emt 0:00:16]} 44. Rc5 {[%emt 0:00:51]} Be6 {[%emt 0:00:01]} 45. f4 {[%emt 0:00:02]} Bh3 {[%emt 0:00:23]} 46. Kf2 {[%emt 0:00:06]} Rd8 {[%emt 0:00:10]} 47. Nc4 {[%emt 0:00:30]} Be6 {[%emt 0:00:20]} 48. f5 {[%emt 0:00:24]} Bxc4 {[%emt 0:00:19]} 49. R1xc4 {[%emt 0:00:03]} Rd2+ {[%emt 0:00:13]} 50. Kf3 {[%emt 0:00:00]} Rxh2 {[%emt 0:00:31]} 51. Rc8+ {[%emt 0:00:02]} Kh7 {[%emt 0:00:01]} 52. Rd8 {[%emt 0:01:09]} g6 {[%emt 0:01:00]} 53. fxg6+ {[%emt 0:00:20]} fxg6 {[%emt 0:00:06]} 54. Re4 {[%emt 0:00:10]} Rxe4 {[%emt 0:00:23]} 55. Rd7+ {[%emt 0:00:00]} Kg8 {[%emt 0:00:04]} 56. Kxe4 {[%emt 0:00:01]} Ra2 {[%emt 0:00:04]} 57. Ke5 {[%emt 0:00:31]} Ra6 {[%emt 0:00:02]} 58. g4 {[%emt 0:00:03]} g5 {[%emt 0:00:24]} 59. Kf5 {[%emt 0:00:04]} Kf8 {[%emt 0:00:03]} 60. Ke5 {[%emt 0:00:20]} Ra4 {[%emt 0:01:08]} 61. Kf5 {[%emt 0:00:01]} Ke8 {[%emt 0:00:11]} 62. Rd6 {[%emt 0:00:18]} Rf4+ {[%emt 0:00:10]} 63. Kg6 {[%emt 0:00:01]} Rxg4 {[%emt 0:00:06]} 64. Kxh6 {[%emt 0:00:01]} a5 {[%emt 0:00:13]} 65. Kh5 {[%emt 0:00:10]} Rb4 {[%emt 0:00:12]} 66. Kxg5 {[%emt 0:00:09]} Ke7 {[%emt 0:00:01]} 67. Rd5 {[%emt 0:00:07]} a4 {[%emt 0:00:09]} 68. Kf5 {[%emt 0:00:01]} Rh4 {[%emt 0:00:15]} 69. Rd3 {[%emt 0:00:12]} Rc4 {[%emt 0:00:43]} 70. Ke5 {[%emt 0:00:06]} Rh4 {[%emt 0:00:03]} 71. Kd5 {[%emt 0:00:19]} 1/2-1/2

[Event "5th CNE NED-ch Rapid 2019"]
[Site "Amstelveen"]
[Date "2019.12.01"]
[Round "6.1"]
[White "Ernst, Sipke"]
[Black "Smeets, Jan"]
[Result "1/2-1/2"]
[WhiteElo "2553"]
[BlackElo "2596"]
[Annotator "ChessBase"]
[PlyCount "268"]
[EventDate "2019.11.30"]
[EventType "tourn"]
[EventCountry "NED"]
[SourceTitle "playchess.com"]
[Source "ChessBase"]
[SourceQuality "1"]
[TimeControl "900+10"]

1. d4 {[%emt 0:00:00]} d5 {[%emt 0:00:00]} 2. c4 {[%emt 0:00:00]} c6 {[%emt 0:00:00]} 3. Nf3 {[%emt 0:00:00]} Nf6 {[%emt 0:00:00]} 4. Nbd2 {[%emt 0:00:06]} Bf5 {[%emt 0:01:04]} 5. Nh4 {[%emt 0:00:02]} Be6 {[%emt 0:02:01]} 6. e3 {[%emt 0:00:44]} g6 {[%emt 0:00:01]} 7. Qb3 {[%emt 0:00:24]} Qc7 {[%emt 0:00:49]} 8. Nhf3 {[%emt 0:00:21]} Bg7 {[%emt 0:00:10]} 9. Bd3 {[%emt 0:00:43]} O-O {[%emt 0:00:53]} 10. Qc2 {[%emt 0:00:28]} dxc4 {[%emt 0:01:06]} 11. Nxc4 {[%emt 0:00:30]} c5 {[%emt 0:00:06]} 12. Nce5 {[%emt 0:00:29]} Nbd7 {[%emt 0:03:19]} 13. Bd2 {[%emt 0:00:23]} Nxe5 {[%emt 0:00:52]} 14. Nxe5 {[%emt 0:00:22]} Rac8 {[%emt 0:00:02]} 15. Nf3 {[%emt 0:02:12]} Rfd8 {[%emt 0:02:00]} 16. Rc1 {[%emt 0:00:46]} Qd6 {[%emt 0:01:24]} 17. Qa4 {[%emt 0:00:01]} Bd5 {[%emt 0:00:26]} 18. Qxa7 {[%emt 0:05:32]} c4 {[%emt 0:01:59]} 19. Be2 {[%emt 0:05:07]} Ra8 {[%emt 0:00:38]} 20. Qc5 {[%emt 0:00:00]} Qxc5 {[%emt 0:00:19]} 21. dxc5 {[%emt 0:00:00]} Rxa2 {[%emt 0:00:01]} 22. Bxc4 {[%emt 0:00:00]} Bxc4 {[%emt 0:00:13]} 23. Rxc4 {[%emt 0:00:00]} Rxb2 {[%emt 0:00:02]} 24. Bc1 {[%emt 0:00:00]} Rb1 {[%emt 0:00:41]} 25. O-O {[%emt 0:00:00]} Rc8 {[%emt 0:00:00]} 26. e4 {[%emt 0:00:00]} b5 {[%emt 0:00:25]} 27. Rd4 {[%emt 0:00:00]} Ne8 {[%emt 0:00:33]} 28. Rd5 {[%emt 0:00:00]} e6 {[%emt 0:00:07]} 29. Rd7 {[%emt 0:00:00]} Rxc5 {[%emt 0:00:08]} 30. Be3 {[%emt 0:00:00]} Rxf1+ {[%emt 0:00:02]} 31. Kxf1 {[%emt 0:00:00]} Rc8 {[%emt 0:00:07]} 32. e5 {[%emt 0:00:00]} Nc7 {[%emt 0:00:12]} 33. Bd2 {[%emt 0:00:00]} h6 {[%emt 0:00:12]} 34. g3 {[%emt 0:00:18]} Bf8 {[%emt 0:00:20]} 35. Nd4 {[%emt 0:00:06]} b4 {[%emt 0:00:02]} 36. Ke2 {[%emt 0:00:27]} Nd5 {[%emt 0:00:10]} 37. Rb7 {[%emt 0:00:04]} Ra8 {[%emt 0:00:01]} 38. Nc6 {[%emt 0:00:24]} Ra2 {[%emt 0:00:10]} 39. Kd3 {[%emt 0:00:06]} Ra3+ {[%emt 0:00:14]} 40. Ke2 {[%emt 0:00:45]} Nc3+ {[%emt 0:00:07]} 41. Kf1 {[%emt 0:00:49]} Ra1+ {[%emt 0:00:28]} 42. Kg2 {[%emt 0:00:12]} Rd1 {[%emt 0:00:06]} 43. Be3 {[%emt 0:00:18]} Nd5 {[%emt 0:00:03]} 44. Rb8 {[%emt 0:00:21]} Nxe3+ {[%emt 0:00:26]} 45. fxe3 {[%emt 0:00:01]} Rb1 {[%emt 0:00:06]} 46. h4 {[%emt 0:00:17]} Kg7 {[%emt 0:00:16]} 47. Rb7 {[%emt 0:00:10]} Rd1 {[%emt 0:00:13]} 48. Nd4 {[%emt 0:00:05]} Kg8 {[%emt 0:00:05]} 49. Rb8 {[%emt 0:00:03]} h5 {[%emt 0:00:03]} 50. Kf3 {[%emt 0:00:01]} Rc1 {[%emt 0:00:14]} 51. Nb5 {[%emt 0:00:27]} Rc5 {[%emt 0:00:16]} 52. Ke4 {[%emt 0:00:15]} Rc4+ {[%emt 0:00:08]} 53. Kf3 {[%emt 0:00:04]} Rc5 {[%emt 0:00:11]} 54. Ke4 {[%emt 0:00:01]} Kg7 {[%emt 0:00:12]} 55. Nd6 {[%emt 0:00:03]} Bxd6 {[%emt 0:00:04]} 56. exd6 {[%emt 0:00:01]} Rd5 {[%emt 0:00:01]} 57. Rxb4 {[%emt 0:00:04]} Rxd6 {[%emt 0:00:02]} 58. Kf3 {[%emt 0:00:04]} Kf6 {[%emt 0:00:04]} 59. Rf4+ {[%emt 0:00:09]} Ke7 {[%emt 0:00:03]} 60. Ra4 {[%emt 0:00:02]} Rd1 {[%emt 0:00:06]} 61. Ra5 {[%emt 0:00:06]} Rf1+ {[%emt 0:00:13]} 62. Kg2 {[%emt 0:00:05]} Rf5 {[%emt 0:00:02]} 63. Ra7+ {[%emt 0:00:06]} Kd6 {[%emt 0:00:47]} 64. e4 {[%emt 0:00:13]} Rf6 {[%emt 0:00:01]} 65. Ra5 {[%emt 0:00:06]} Kc6 {[%emt 0:00:01]} 66. Re5 {[%emt 0:00:11]} Kb6 {[%emt 0:00:02]} 67. Rg5 {[%emt 0:00:05]} Kc6 {[%emt 0:00:06]} 68. Ra5 {[%emt 0:00:02]} Kd7 {[%emt 0:00:06]} 69. Rb5 {[%emt 0:00:10]} Ke7 {[%emt 0:00:15]} 70. Ra5 {[%emt 0:00:05]} e5 {[%emt 0:00:09]} 71. Rxe5+ {[%emt 0:00:04]} Re6 {[%emt 0:00:02]} 72. Ra5 {[%emt 0:00:13]} Rxe4 {[%emt 0:00:01]} 73. Kf3 {[%emt 0:00:05]} Rb4 {[%emt 0:00:02]} 74. Ra6 {[%emt 0:00:02]} Rd4 {[%emt 0:00:03]} 75. Rb6 {[%emt 0:00:04]} Rd6 {[%emt 0:00:01]} 76. Rb5 {[%emt 0:00:04]} Ke6 {[%emt 0:00:01]} 77. Ra5 {[%emt 0:00:01]} Rd3+ {[%emt 0:00:05]} 78. Kf4 {[%emt 0:00:08]} Rd4+ {[%emt 0:00:04]} 79. Kf3 {[%emt 0:00:01]} Rd5 {[%emt 0:00:02]} 80. Ra7 {[%emt 0:00:05]} Rf5+ {[%emt 0:00:46]} 81. Kg2 {[%emt 0:00:04]} Rb5 {[%emt 0:00:36]} 82. Kf3 {[%emt 0:00:06]} f6 {[%emt 0:00:02]} 83. Ra3 {[%emt 0:00:04]} Kf5 {[%emt 0:00:04]} 84. Rc3 {[%emt 0:00:02]} Rd5 {[%emt 0:00:09]} 85. Ra3 {[%emt 0:00:03]} Ke5 {[%emt 0:00:01]} 86. Re3+ {[%emt 0:00:05]} Kf5 {[%emt 0:00:54]} 87. Ra3 {[%emt 0:00:00]} Ke6 {[%emt 0:00:11]} 88. Ra6+ {[%emt 0:00:05]} Rd6 {[%emt 0:00:00]} 89. Ra3 {[%emt 0:00:02]} Rd7 {[%emt 0:00:03]} 90. Ra6+ {[%emt 0:00:02]} Kf7 {[%emt 0:00:00]} 91. Ra3 {[%emt 0:00:01]} Re7 {[%emt 0:00:03]} 92. Ra6 {[%emt 0:00:03]} Kg7 {[%emt 0:00:03]} 93. Rb6 {[%emt 0:00:01]} g5 {[%emt 0:00:36]} 94. hxg5 {[%emt 0:00:06]} fxg5 {[%emt 0:00:01]} 95. Ra6 {[%emt 0:00:13]} Rf7+ {[%emt 0:00:04]} 96. Kg2 {[%emt 0:00:02]} Rf6 {[%emt 0:00:01]} 97. Ra5 {[%emt 0:00:03]} Kg6 {[%emt 0:00:01]} 98. Rb5 {[%emt 0:00:03]} Re6 {[%emt 0:00:01]} 99. Kf3 {[%emt 0:00:08]} Kf6 {[%emt 0:00:03]} 100. Ra5 {[%emt 0:00:05]} Rb6 {[%emt 0:00:44]} 101. Rc5 {[%emt 0:00:10]} Rb3+ {[%emt 0:00:03]} 102. Kg2 {[%emt 0:00:02]} Re3 {[%emt 0:00:03]} 103. Ra5 {[%emt 0:01:08]} Re5 {[%emt 0:00:02]} 104. Ra4 {[%emt 0:00:01]} Rd5 {[%emt 0:00:08]} 105. Ra3 {[%emt 0:01:07]} Kf5 {[%emt 0:00:30]} 106. Kf3 {[%emt 0:00:02]} Ke5 {[%emt 0:00:11]} 107. Re3+ {[%emt 0:00:06]} Kd4 {[%emt 0:00:03]} 108. Re4+ {[%emt 0:00:17]} Kd3 {[%emt 0:00:02]} 109. Re8 {[%emt 0:00:27]} Rf5+ {[%emt 0:00:11]} 110. Kg2 {[%emt 0:00:02]} g4 {[%emt 0:00:02]} 111. Re7 {[%emt 0:00:05]} Kd4 {[%emt 0:00:11]} 112. Ra7 {[%emt 0:00:26]} Rc5 {[%emt 0:00:05]} 113. Rd7+ {[%emt 0:00:29]} Rd5 {[%emt 0:00:14]} 114. Ra7 {[%emt 0:00:03]} Ke3 {[%emt 0:00:10]} 115. Re7+ {[%emt 0:00:04]} Kd3 {[%emt 0:00:04]} 116. Ra7 {[%emt 0:00:05]} Ke4 {[%emt 0:00:54]} 117. Re7+ {[%emt 0:00:02]} Kf5 {[%emt 0:00:18]} 118. Re2 {[%emt 0:00:07]} Rd4 {[%emt 0:00:14]} 119. Rf2+ {[%emt 0:00:08]} Ke5 {[%emt 0:00:06]} 120. Re2+ {[%emt 0:00:04]} Kd5 {[%emt 0:00:04]} 121. Ra2 {[%emt 0:00:54]} Ke4 {[%emt 0:00:06]} 122. Re2+ {[%emt 0:00:04]} Kd5 {[%emt 0:00:11]} 123. Ra2 {[%emt 0:00:02]} Rc4 {[%emt 0:00:10]} 124. Ra5+ {[%emt 0:00:35]} Rc5 {[%emt 0:00:07]} 125. Ra4 {[%emt 0:00:12]} Ke5 {[%emt 0:00:26]} 126. Rf4 {[%emt 0:00:32]} Rd5 {[%emt 0:00:15]} 127. Rf2 {[%emt 0:00:18]} Ke4 {[%emt 0:00:06]} 128. Rf4+ {[%emt 0:00:20]} Ke3 {[%emt 0:00:02]} 129. Rf8 {[%emt 0:00:05]} Rd2+ {[%emt 0:00:09]} 130. Kg1 {[%emt 0:00:01]} Ke2 {[%emt 0:00:30]} 131. Rf2+ {[%emt 0:00:08]} Kd3 {[%emt 0:00:11]} 132. Rf5 {[%emt 0:00:04]} Ke3 {[%emt 0:00:03]} 133. Rxh5 {[%emt 0:00:15]} Kf3 {[%emt 0:00:03]} 134. Ra5 {[%emt 0:00:02]} Rd1+ {[%emt 0:00:18]} 1/2-1/2

[Event "5th CNE NED-ch Rapid 2019"]
[Site "Amstelveen"]
[Date "2019.12.01"]
[Round "6.2"]
[White "Timman, Jan H"]
[Black "Van Foreest, Jorden"]
[Result "1/2-1/2"]
[WhiteElo "2528"]
[BlackElo "2632"]
[Annotator "ChessBase"]
[PlyCount "24"]
[EventDate "2019.11.30"]
[EventType "tourn"]
[EventCountry "NED"]
[SourceTitle "playchess.com"]
[Source "ChessBase"]
[SourceQuality "1"]
[TimeControl "900+10"]

1. Nf3 {[%emt 0:00:00]} d5 {[%emt 0:00:01]} 2. g3 {[%emt 0:00:00]} g6 {[%emt 0:00:02]} 3. Bg2 {[%emt 0:00:00]} Bg7 {[%emt 0:00:02]} 4. d4 {[%emt 0:00:02]} Nf6 {[%emt 0:00:04]} 5. O-O {[%emt 0:00:13]} O-O {[%emt 0:00:03]} 6. c4 {[%emt 0:00:02]} c6 {[%emt 0:00:02]} 7. Nbd2 {[%emt 0:00:21]} a5 {[%emt 0:00:02]} 8. b3 {[%emt 0:00:13]} a4 {[%emt 0:00:06]} 9. bxa4 {[%emt 0:00:17]} Qa5 {[%emt 0:00:31]} 10. Ba3 {[%emt 0:01:37]} Re8 {[%emt 0:00:02]} 11. Qb3 {[%emt 0:00:43]} Qxa4 {[%emt 0:00:13]} 12. Bb2 {[%emt 0:00:36]} dxc4 {[%emt 0:00:16]} 1/2-1/2

[Event "5th CNE NED-ch Rapid 2019"]
[Site "Amstelveen"]
[Date "2019.12.01"]
[Round "6.3"]
[White "Van Wely, Loek"]
[Black "Reinderman, Dimitri"]
[Result "1/2-1/2"]
[WhiteElo "2610"]
[BlackElo "2575"]
[Annotator "ChessBase"]
[PlyCount "103"]
[EventDate "2019.11.30"]
[EventType "tourn"]
[EventCountry "NED"]
[SourceTitle "playchess.com"]
[Source "ChessBase"]
[SourceQuality "1"]
[TimeControl "900+10"]

1. d4 {[%emt 0:00:00]} f5 {[%emt 0:00:00]} 2. g3 {[%emt 0:00:00]} Nf6 {[%emt 0:00:00]} 3. Bg2 {[%emt 0:00:00]} e6 {[%emt 0:00:00]} 4. Nf3 {[%emt 0:00:00]} Be7 {[%emt 0:00:00]} 5. O-O {[%emt 0:00:00]} O-O {[%emt 0:00:00]} 6. c4 {[%emt 0:00:00]} d6 {[%emt 0:00:00]} 7. Nc3 {[%emt 0:00:03]} Ne4 {[%emt 0:00:00]} 8. Qc2 {[%emt 0:00:31]} Nxc3 {[%emt 0:00:00]} 9. bxc3 {[%emt 0:00:01]} Nc6 {[%emt 0:00:01]} 10. e4 {[%emt 0:00:04]} e5 {[%emt 0:00:05]} 11. Rb1 {[%emt 0:01:39]} Kh8 {[%emt 0:00:35]} 12. dxe5 {[%emt 0:00:45]} dxe5 {[%emt 0:00:01]} 13. Re1 {[%emt 0:00:37]} f4 {[%emt 0:07:20]} 14. gxf4 {[%emt 0:00:06]} exf4 {[%emt 0:00:01]} 15. Rb5 {[%emt 0:00:42]} Qe8 {[%emt 0:00:53]} 16. Kh1 {[%emt 0:00:34]} a6 {[%emt 0:00:12]} 17. Rd5 {[%emt 0:00:04]} Be6 {[%emt 0:00:21]} 18. c5 {[%emt 0:01:06]} Qg6 {[%emt 0:00:38]} 19. c4 {[%emt 0:00:03]} Rae8 {[%emt 0:01:29]} 20. Rg1 {[%emt 0:01:11]} Nb4 {[%emt 0:01:16]} 21. Qd2 {[%emt 0:01:33]} Bxd5 {[%emt 0:01:24]} 22. cxd5 {[%emt 0:00:46]} Bxc5 {[%emt 0:00:10]} 23. a3 {[%emt 0:00:32]} Bxf2 {[%emt 0:00:44]} 24. Qxf2 {[%emt 0:00:36]} Nd3 {[%emt 0:00:03]} 25. Qc2 {[%emt 0:02:01]} Qxe4 {[%emt 0:00:22]} 26. Rd1 {[%emt 0:00:50]} Nxc1 {[%emt 0:00:29]} 27. Qxc1 {[%emt 0:00:02]} Qe7 {[%emt 0:00:17]} 28. h3 {[%emt 0:01:48]} Qd7 {[%emt 0:00:25]} 29. Qb1 {[%emt 0:00:17]} Re3 {[%emt 0:00:18]} 30. Kh2 {[%emt 0:00:49]} b6 {[%emt 0:00:13]} 31. Qb4 {[%emt 0:00:08]} Qd6 {[%emt 0:00:10]} 32. Qxd6 {[%emt 0:00:28]} cxd6 {[%emt 0:00:01]} 33. a4 {[%emt 0:00:01]} b5 {[%emt 0:00:34]} 34. axb5 {[%emt 0:00:04]} axb5 {[%emt 0:00:00]} 35. Rb1 {[%emt 0:00:02]} Rb8 {[%emt 0:00:01]} 36. Rb4 {[%emt 0:00:55]} Rc3 {[%emt 0:00:27]} 37. Nd4 {[%emt 0:00:04]} g5 {[%emt 0:00:31]} 38. Rxb5 {[%emt 0:00:09]} Ra8 {[%emt 0:01:25]} 39. Rb2 {[%emt 0:00:10]} h5 {[%emt 0:00:29]} 40. Rf2 {[%emt 0:00:44]} Kh7 {[%emt 0:00:28]} 41. h4 {[%emt 0:00:56]} gxh4 {[%emt 0:00:02]} 42. Nb5 {[%emt 0:00:42]} Rb3 {[%emt 0:00:14]} 43. Nxd6 {[%emt 0:00:02]} Kg6 {[%emt 0:00:09]} 44. Nc4 {[%emt 0:00:37]} Ra4 {[%emt 0:00:07]} 45. Rxf4 {[%emt 0:00:15]} Kg5 {[%emt 0:00:04]} 46. Re4 {[%emt 0:00:12]} Ra2 {[%emt 0:00:10]} 47. Ne3 {[%emt 0:00:03]} Re2 {[%emt 0:00:05]} 48. Nc4 {[%emt 0:00:20]} Rxe4 {[%emt 0:00:09]} 49. Bxe4 {[%emt 0:00:00]} Kf4 {[%emt 0:00:01]} 50. Bg2 {[%emt 0:00:06]} Rc3 {[%emt 0:00:03]} 51. Nd2 {[%emt 0:00:15]} Rd3 {[%emt 0:00:06]} 52. Nf3 {[%emt 0:00:47] Ke5} 1/2-1/2